| 000 | 00393cam a2200157ua 4500 | ||
|---|---|---|---|
| 041 |
_amal _h |
||
| 082 |
_a894.812301 _bMOH/OR |
||
| 100 | _aMohammed mani, K A . | ||
| 245 |
_aOru puthiya chiri / _cK A Mohammad mani. _hTextual Documents |
||
| 250 |
_a1 / _b. |
||
| 260 |
_aThrissur : _bAmina book stall , _c1961. |
||
| 300 | _a167 ; . | ||
| 504 | _a | ||
| 942 | _cBK | ||
| 999 |
_c11445 _d11445 |
||